[Event "Mundial Juvenil femenino 2005 s10"]
[Site "Belfort FRA"]
[Date "2005.07.20"]
[Round "2.18"]
[White "Gaboyan, Susanna"]
[Black "Selvaratnam, Navodya Chaminie"]
[Result "1-0"]
[WhiteElo "1599"]
[BlackElo "1599"]
[PlyCount "133"]
[EventDate "2005.07.19"]
[EventType "swiss"]
[EventRounds "11"]
[EventCountry "FRA"]
[Source "lmi"]
[SourceDate "2005.07.31"]

1. e4 e5 2. Nf3 Nc6 3. d4 exd4 4. Nxd4 Bc5 5. Be3 Qf6 6. c3 Nge7 7. Bc4 O-O 8.
O-O Ng6 9. f4 d6 10. f5 Nge5 11. Bd5 Bxd4 12. cxd4 Nd7 13. Qd2 h6 14. Bf2 Nb6
15. Bxc6 bxc6 16. Qf4 d5 17. e5 Qxf5 18. Bh4 Qxf4 19. Rxf4 g5 20. Rf6 gxh4 21.
Rxh6 Nc4 22. b3 Ne3 23. Nd2 Nf5 24. Rxc6 Ng7 25. Rxc7 Be6 26. Nf3 Nf5 27. g4
Ng7 28. h3 f5 29. g5 f4 30. Kh2 Nf5 31. Rc6 Rae8 32. Ra6 Re7 33. g6 Kg7 34. Rg1
Kh6 35. g7 Nxg7 36. Nxh4 Kh7 37. Nf3 Kh8 38. Ng5 Rf5 39. Nxe6 Nxe6 40. Rd6 Rg5
41. Rxd5 Rxg1 42. Kxg1 Rg7+ 43. Kf2 Rf7 44. Rd6 Ng5 45. Rd8+ Kg7 46. h4 Ne6 47.
Rd6 Re7 48. Kf3 Nc7 49. Kxf4 Rf7+ 50. Ke4 Nb5 51. Ra6 Nc3+ 52. Kd3 Nd5 53. Kc4
Ne3+ 54. Kc5 Nf5 55. h5 Rd7 56. d5 Rc7+ 57. Rc6 Rxc6+ 58. Kxc6 Ne7+ 59. Kd6 Kf8
60. Ke6 a5 61. h6 Ng6 62. Kf6 Nh8 63. e6 Ke8 64. Kg7 a4 65. bxa4 Ke7 66. Kxh8
Kd6 67. Kg7 1-0

[Event "Mundial Juvenil femenino 2005 s10"]
[Site "Belfort FRA"]
[Date "2005.07.20"]
[Round "2.19"]
[White "Senarath, Kavindi Nipunka"]
[Black "Galunova, Tsveta"]
[Result "0-1"]
[WhiteElo "1599"]
[BlackElo "1599"]
[PlyCount "84"]
[EventDate "2005.07.19"]
[EventType "swiss"]
[EventRounds "11"]
[EventCountry "FRA"]
[Source "lmi"]
[SourceDate "2005.07.31"]

1. e4 e5 2. Nc3 Nc6 3. Nf3 Nf6 4. Bc4 Bc5 5. O-O d6 6. d3 O-O 7. Be3 Bb6 8. d4
Bg4 9. dxe5 Nxe5 10. Be2 Ba5 11. Nxe5 Bxe2 12. Qxe2 dxe5 13. f3 Bxc3 14. bxc3
Qd6 15. Qd3 Rad8 16. Qxd6 cxd6 17. Bxa7 Rc8 18. Rad1 Rc6 19. f4 Nxe4 20. fxe5
dxe5 21. a3 Nxc3 22. Rd7 Ne2+ 23. Kf2 Rxc2 24. Rxb7 Nf4+ 25. Ke1 Nxg2+ 26. Kd1
Ra2 27. Rf2 Rxf2 28. Bxf2 Ra8 29. Ba7 f6 30. a4 Rd8+ 31. Kc2 e4 32. a5 Kf8 33.
a6 e3 34. Rb8 Ke8 35. Rxd8+ Kxd8 36. Bb6+ Kc8 37. a7 Kb7 38. Kd1 f5 39. Ke2
Nf4+ 40. Kxe3 Nd5+ 41. Kd4 Nxb6 42. Ke5 g6 0-1

[Event "Mundial Juvenil femenino 2005 s10"]
[Site "Belfort FRA"]
[Date "2005.07.21"]
[Round "3.2"]
[White "Gaboyan, Susanna"]
[Black "Lach, Aleksandra"]
[Result "0-1"]
[WhiteElo "1599"]
[BlackElo "1822"]
[PlyCount "118"]
[EventDate "2005.07.19"]
[EventType "swiss"]
[EventRounds "11"]
[EventCountry "FRA"]
[Source "lmi"]
[SourceDate "2005.07.31"]

1. e4 c5 2. Nf3 d6 3. c3 Nf6 4. Bd3 Nc6 5. O-O e6 6. Bc2 Be7 7. d4 cxd4 8. cxd4
Qc7 9. Nc3 a6 10. a3 O-O 11. Re1 Rd8 12. Qe2 e5 13. d5 Nb8 14. Be3 Nbd7 15.
Rac1 Qb8 16. Na4 b6 17. Bd3 b5 18. Nc3 Nb6 19. Na2 Bd7 20. Rc2 Nc8 21. Rec1 a5
22. Rc7 Ne8 23. Rxd7 Rxd7 24. Bxb5 Rd8 25. Bc6 Ra7 26. Bxa7 Qxa7 27. Nc3 Nc7
28. Nb5 Nxb5 29. Qxb5 Nb6 30. Nd2 Bg5 31. Rc2 Bxd2 32. Rxd2 Rb8 33. Qd3 h6 34.
Rc2 Rc8 35. Bb5 Rb8 36. Rc6 Qe7 37. Ba6 Kh7 38. Qc3 a4 39. Qb4 Qa7 40. Bb5 Nc8
41. Qxa4 Qe7 42. Qa6 Na7 43. Rb6 Rc8 44. Rb7 Nxb5 45. h3 Nc7 46. Qc6 Qd8 47. b4
Kg8 48. Kh2 f5 49. exf5 e4 50. b5 e3 51. fxe3 Qe7 52. b6 Qe5+ 53. Kh1 Qa1+ 54.
Kh2 Qe5+ 55. Kg1 Qxe3+ 56. Kf1 Qd3+ 57. Ke1 Re8+ 58. Kf2 Qxf5+ 59. Kg3 Re3+ 0-1

[Event "Mundial Juvenil femenino 2005 s10"]
[Site "Belfort FRA"]
[Date "2005.07.21"]
[Round "3.3"]
[White "Galunova, Tsveta"]
[Black "Aflalo, Sophie"]
[Result "0-1"]
[WhiteElo "1599"]
[BlackElo "1599"]
[PlyCount "118"]
[EventDate "2005.07.19"]
[EventType "swiss"]
[EventRounds "11"]
[EventCountry "FRA"]
[Source "lmi"]
[SourceDate "2005.07.31"]

1. e4 c5 2. c3 d5 3. exd5 Qxd5 4. d4 Nf6 5. Nf3 Bg4 6. Na3 Nc6 7. Nb5 O-O-O 8.
Be3 Bxf3 9. gxf3 cxd4 10. Nxd4 Qa5 11. Bd2 Nxd4 12. cxd4 Qb6 13. Qc2+ Kb8 14.
Bf4+ Ka8 15. Rc1 Qe6+ 16. Be2 Nd5 17. Bg3 g6 18. O-O Bh6 19. Rce1 Qd7 20. Rd1
Rc8 21. Qb3 Rhd8 22. Rfe1 f5 23. Be5 e6 24. Bb5 Qe7 25. Bf1 Nf4 26. Bg2 Nd5 27.
Kh1 Bf4 28. Bxf4 Nxf4 29. Bf1 Qh4 30. Kg1 Qf6 31. Qa4 Nd5 32. Re2 g5 33. Rc2
Nb6 34. Rxc8+ Rxc8 35. Qb3 f4 36. Bh3 Nd5 37. Kh1 h5 38. Qd3 a6 39. a3 Rc7 40.
Re1 Re7 41. Qc4 Kb8 42. Kg1 Qg6 43. Qe2 Ka7 44. Bxe6 g4 45. fxg4 hxg4 46. Qe5
Nb6 47. d5 Re8 48. Qe4 Qf6 49. Qe5 Qxe5 50. Rxe5 Nxd5 51. Rxd5 Rxe6 52. Rd4 f3
53. Kf1 Rh6 54. Rxg4 Rxh2 55. Rg3 Rh1+ 56. Rg1 Rh5 57. Ke1 Re5+ 58. Kf1 Rc5 59.
Ke1 Rc1+ 0-1

[Event "Mundial Juvenil femenino 2005 s10"]
[Site "Belfort FRA"]
[Date "2005.07.21"]
[Round "3.4"]
[White "Aranaz Murillo, Amalia"]
[Black "Kou, Yingya"]
[Result "0-1"]
[WhiteElo "1599"]
[BlackElo "1599"]
[PlyCount "72"]
[EventDate "2005.07.19"]
[EventType "swiss"]
[EventRounds "11"]
[EventCountry "FRA"]
[Source "lmi"]
[SourceDate "2005.07.31"]

1. d4 Nf6 2. c4 g6 3. Nc3 Bg7 4. e4 d6 5. Nf3 O-O 6. Be2 e5 7. d5 c5 8. O-O
Nbd7 9. Bg5 h6 10. Be3 Ne8 11. Nd2 f5 12. f3 f4 13. Bf2 g5 14. a3 Ndf6 15. b4
b6 16. Nb3 h5 17. h3 Rf7 18. g4 fxg3 19. Bxg3 Bxh3 20. Rf2 h4 21. Rh2 Qd7 22.
Be1 Bh6 23. Bd2 Nh5 24. f4 Nxf4 25. Bh5 Rg7 26. Bxf4 gxf4+ 27. Kf2 Nf6 28. Qh1
Bg4 29. Rxh4 Bxh5 30. Rxh5 Nxh5 31. Qxh5 Qg4 32. Qxh6 Qg2+ 33. Ke1 Qg1+ 34. Kd2
Rg2+ 35. Ne2 Qe3+ 36. Kc2 Qxe2+ 0-1

[Event "Mundial Juvenil femenino 2005 s10"]
[Site "Belfort FRA"]
[Date "2005.07.21"]
[Round "3.5"]
[White "Roy, Ali"]
[Black "Atabayva, Gozel"]
[Result "1-0"]
[WhiteElo "1599"]
[BlackElo "1599"]
[PlyCount "115"]
[EventDate "2005.07.19"]
[EventType "swiss"]
[EventRounds "11"]
[EventCountry "FRA"]
[Source "lmi"]
[SourceDate "2005.07.31"]

1. e4 e5 2. Bc4 Bc5 3. Nf3 Nc6 4. d3 h6 5. Nc3 Nf6 6. O-O O-O 7. Bd2 d6 8. h3
Be6 9. Bxe6 fxe6 10. Na4 Bb6 11. Nxb6 axb6 12. a4 d5 13. exd5 exd5 14. Re1 Re8
15. b4 Qd6 16. b5 Nb4 17. Bxb4 Qxb4 18. Rb1 Qd6 19. c3 d4 20. cxd4 exd4 21.
Qb3+ Kh8 22. Qc4 Rad8 23. Rxe8+ Nxe8 24. Rb4 Qc5 25. Nxd4 Nd6 26. Ne6 Nxc4 27.
Nxc5 bxc5 28. Rxc4 Rxd3 29. Rxc5 Rd7 30. a5 b6 31. axb6 cxb6 32. Rc6 Rb7 33.
Kh2 Kh7 34. Kg3 Kg8 35. Kf4 Kf7 36. Ke5 Ke7 37. g4 Kd7 38. Rg6 Ke8 39. Kd6 Kd8
40. f4 Kc8 41. f5 Kb8 42. f6 gxf6 43. Rxh6 Rf7 44. Ke6 Rc7 45. Rh5 Kb7 46. Kxf6
Rc5 47. Ke6 Ka8 48. Rxc5 bxc5 49. Kd5 Kb7 50. Kxc5 Ka7 51. g5 Kb7 52. g6 Ka7
53. g7 Kb7 54. g8=Q Ka7 55. b6+ Kb7 56. Qf7+ Kb8 57. Qc7+ Ka8 58. Qa7# 1-0

[Event "Mundial Juvenil femenino 2005 s10"]
[Site "Belfort FRA"]
[Date "2005.07.21"]
[Round "3.6"]
[White "Baraeva, Marina"]
[Black "Mucha, Magdalena"]
[Result "1-0"]
[WhiteElo "1599"]
[BlackElo "1599"]
[PlyCount "183"]
[EventDate "2005.07.19"]
[EventType "swiss"]
[EventRounds "11"]
[EventCountry "FRA"]
[Source "lmi"]
[SourceDate "2005.07.31"]

1. c4 f5 2. Nc3 Nf6 3. g3 g6 4. Bg2 Bg7 5. e3 d6 6. d4 Nc6 7. Nf3 O-O 8. O-O a6
9. b3 e5 10. d5 Ne7 11. Bb2 h6 12. h3 g5 13. h4 Nh7 14. e4 Qe8 15. Re1 Qg6 16.
Kf1 Kh8 17. Re2 Bf6 18. hxg5 hxg5 19. Rc1 Bg7 20. Qd2 Bh6 21. Qd1 Bd7 22. Ba3
Rg8 23. Nxe5 dxe5 24. Bxe7 f4 25. Qd3 Bf8 26. Bxf8 Raxf8 27. Ke1 Qh5 28. gxf4
gxf4 29. Bf3 Qh3 30. Kd2 Bg4 31. Bxg4 Qxg4 32. Rh1 Rg7 33. Qh3 Qg2 34. Qxg2
Rxg2 35. f3 Rfg8 36. Rxg2 Rxg2+ 37. Ne2 Kg7 38. Rg1 Rxg1 39. Nxg1 Kf6 40. c5
Ke7 41. Kc3 Kd7 42. Kc4 b6 43. cxb6 cxb6 44. b4 Kd6 45. Nh3 Kc7 46. a3 Kd6 47.
a4 Nf6 48. Ng5 Nd7 49. Nf7+ Ke7 50. Nh6 Nf6 51. Nf5+ Kd7 52. a5 Kc7 53. Nh6 Nd7
54. Nf7 b5+ 55. Kd3 Kb7 56. Ke2 Kc7 57. Kf2 Nf6 58. Nxe5 Kd6 59. Ng6 Nxd5 60.
exd5 Kxd5 61. Nxf4+ Kc4 62. Nd5 Kxd5 63. f4 Ke4 64. Kg3 Kf5 65. Kf3 Kf6 66. Ke4
Ke6 67. f5+ Kd6 68. f6 Ke6 69. f7 Kxf7 70. Kd5 Ke7 71. Kc6 Ke6 72. Kb6 Kd7 73.
Kxa6 Kc6 74. Ka7 Kc7 75. a6 Kc6 76. Kb8 Kd5 77. a7 Kc4 78. a8=Q Kxb4 79. Qa2
Kc3 80. Qa3+ Kc4 81. Qb2 b4 82. Kb7 b3 83. Kb6 Kb4 84. Kc6 Kc4 85. Kd6 Kb4 86.
Kd5 Ka4 87. Kc4 Ka5 88. Qxb3 Ka6 89. Qb5+ Ka7 90. Kc5 Ka8 91. Kc6 Ka7 92. Qb7#
1-0

[Event "Mundial Juvenil femenino 2005 s10"]
[Site "Belfort FRA"]
[Date "2005.07.21"]
[Round "3.7"]
[White "Salazar, Aura"]
[Black "Casusol, Cecilia"]
[Result "1/2-1/2"]
[WhiteElo "1599"]
[BlackElo "1599"]
[PlyCount "74"]
[EventDate "2005.07.19"]
[EventType "swiss"]
[EventRounds "11"]
[EventCountry "FRA"]
[Source "lmi"]
[SourceDate "2005.07.31"]

1. e4 e5 2. Nf3 Nc6 3. Nc3 Nf6 4. Bb5 a6 5. Bxc6 dxc6 6. Nxe5 Nxe4 7. Nxe4 Qd5
8. O-O Qxe5 9. Re1 Be7 10. d4 Qf5 11. Bg5 f6 12. Bd2 O-O 13. Ng3 Qd7 14. c3 Bd6
15. Qh5 Qf7 16. Qf3 Qg6 17. Bf4 Bg4 18. Qe3 Rae8 19. Qd2 h5 20. Bxd6 cxd6 21.
Qf4 Rd8 22. h3 Bc8 23. Qh4 f5 24. Qxh5 Qxh5 25. Nxh5 f4 26. Re7 Rd7 27. Rae1 g6
28. Ng7 Rxe7 29. Rxe7 Rf7 30. Re8+ Rf8 31. Re7 Rf7 32. Re8+ Rf8 33. Re7 Rf7 34.
Re8+ Rf8 35. Re7 Rf7 36. Re8+ Rf8 37. Re7 Rf7 1/2-1/2

[Event "Mundial Juvenil femenino 2005 s10"]
[Site "Belfort FRA"]
[Date "2005.07.21"]
[Round "3.8"]
[White "Chen, Yuxuan"]
[Black "Saduakassova, Dinara"]
[Result "0-1"]
[WhiteElo "1599"]
[BlackElo "1599"]
[PlyCount "84"]
[EventDate "2005.07.19"]
[EventType "swiss"]
[EventRounds "11"]
[EventCountry "FRA"]
[Source "lmi"]
[SourceDate "2005.07.31"]

1. e4 e5 2. Nf3 Nc6 3. Bb5 Nf6 4. O-O Nxe4 5. Re1 Nd6 6. Bxc6 dxc6 7. Nxe5 Be7
8. d4 O-O 9. Nc3 Nf5 10. Be3 Nxe3 11. Rxe3 Be6 12. Qd3 Kh8 13. Rae1 Bf6 14. Ne2
g6 15. Nf4 Bf5 16. Qc4 Kg7 17. Rg3 Bg5 18. Rf3 Bxf4 19. Rxf4 Qd5 20. Qa4 Rfe8
21. c4 Qd6 22. g4 Be6 23. Qb3 f6 24. Nd3 b5 25. c5 Qxf4 26. Nxf4 Bxb3 27. Rxe8
Rxe8 28. axb3 Re4 29. Ng2 Rxd4 30. Ne3 Rd2 31. h4 Rxb2 32. h5 Rxb3 33. Ng2 a5
34. Ne3 Rxe3 35. fxe3 a4 36. Kf2 a3 37. Kg3 a2 38. Kh4 a1=Q 39. h6+ Kxh6 40. e4
Qe5 41. Kh3 b4 42. Kh4 Qh2# 0-1

[Event "Mundial Juvenil femenino 2005 s10"]
[Site "Belfort FRA"]
[Date "2005.07.21"]
[Round "3.10"]
[White "Owens, Megan"]
[Black "Iwanow, Anna"]
[Result "0-1"]
[WhiteElo "1599"]
[BlackElo "1854"]
[PlyCount "76"]
[EventDate "2005.07.19"]
[EventType "swiss"]
[EventRounds "11"]
[EventCountry "FRA"]
[Source "lmi"]
[SourceDate "2005.07.31"]

1. d4 Nf6 2. c4 g6 3. Nc3 Bg7 4. e4 d6 5. Nf3 O-O 6. Be2 Nbd7 7. O-O e5 8. d5
Nc5 9. Nd2 a5 10. b3 Ne8 11. Rb1 f5 12. f3 c6 13. b4 axb4 14. Rxb4 Qa5 15. a3
f4 16. Nb3 Nxb3 17. Qxb3 Qd8 18. dxc6 bxc6 19. c5+ Kh8 20. Rd1 Qf6 21. Rb8 Be6
22. Qb7 Rxb8 23. Qxb8 dxc5 24. Rd8 Qf7 25. Na4 Bf6 26. Rd1 Bb3 27. Rd3 Bxa4 28.
Rc3 Qa2 29. Bb2 Bb5 30. Bxb5 Qxb2 31. Rxc5 Qd4+ 32. Kf1 Qxc5 33. Be2 Bh4 34. g3
fxg3 35. hxg3 Bxg3 36. Kg2 Qf2+ 37. Kh3 Qh2+ 38. Kg4 Qh4# 0-1

[Event "Mundial Juvenil femenino 2005 s10"]
[Site "Belfort FRA"]
[Date "2005.07.21"]
[Round "3.11"]
[White "Aggoune, Audessa"]
[Black "Kabai, Zsuzsanna"]
[Result "1/2-1/2"]
[WhiteElo "1599"]
[BlackElo "1599"]
[PlyCount "73"]
[EventDate "2005.07.19"]
[EventType "swiss"]
[EventRounds "11"]
[EventCountry "FRA"]
[Source "lmi"]
[SourceDate "2005.07.31"]

1. d4 Nf6 2. Nf3 e6 3. c4 b6 4. a3 Bb7 5. Nc3 d5 6. e3 a5 7. Bd3 dxc4 8. Bxc4
Ba6 9. Qa4+ Qd7 10. Bb5 Bxb5 11. Qxb5 Qxb5 12. Nxb5 Bd6 13. O-O O-O 14. Re1 Ne4
15. Nd2 Nxd2 16. Bxd2 Rd8 17. Rac1 c6 18. Nc3 c5 19. Ne4 Na6 20. Rc2 Be7 21.
dxc5 f5 22. Nc3 Bxc5 23. Na4 Rac8 24. Nxc5 Rxc5 25. Rxc5 Nxc5 26. Bc3 Kf7 27.
f4 g6 28. g3 Rd5 29. Bd4 Ke7 30. Bxc5+ Rxc5 31. Re2 b5 32. Kg2 b4 33. axb4 axb4
34. h4 b3 35. Kf3 Rc2 36. Kf2 Kd6 37. Ke1 1/2-1/2

[Event "Mundial Juvenil femenino 2005 s10"]
[Site "Belfort FRA"]
[Date "2005.07.21"]
[Round "3.12"]
[White "Baekelant, Eva"]
[Black "Yang, Sylvia"]
[Result "1/2-1/2"]
[WhiteElo "1599"]
[BlackElo "1599"]
[PlyCount "55"]
[EventDate "2005.07.19"]
[EventType "swiss"]
[EventRounds "11"]
[EventCountry "FRA"]
[Source "lmi"]
[SourceDate "2005.07.31"]

1. e4 d5 2. exd5 Nf6 3. d4 Nxd5 4. Bc4 c6 5. Nf3 Bg4 6. h3 Bh5 7. Bg5 Qc7 8.
Qd3 Nb4 9. Qb3 e6 10. Nbd2 Bg6 11. Rc1 a5 12. a3 a4 13. Qc3 Nd5 14. Bxd5 exd5
15. Qe3+ Be7 16. Bxe7 Qxe7 17. Qxe7+ Kxe7 18. O-O Nd7 19. Rfe1+ Kd8 20. c3 f6
21. Nh4 Bf7 22. Nf5 g5 23. Re3 Re8 24. Rxe8+ Bxe8 25. Re1 Bg6 26. Ng7 Kc7 27.
Re7 Kd6 28. Re6+ 1/2-1/2

[Event "Mundial Juvenil femenino 2005 s10"]
[Site "Belfort FRA"]
[Date "2005.07.21"]
[Round "3.13"]
[White "Kotepalli, Sai Nirupama"]
[Black "Botez, Alexandra"]
[Result "1-0"]
[WhiteElo "1599"]
[BlackElo "1599"]
[PlyCount "51"]
[EventDate "2005.07.19"]
[EventType "swiss"]
[EventRounds "11"]
[EventCountry "FRA"]
[Source "lmi"]
[SourceDate "2005.07.31"]

1. e3 f5 2. g3 e5 3. Bg2 g6 4. Ne2 Nf6 5. d4 e4 6. c4 Bg7 7. Nbc3 O-O 8. Qb3
Kh8 9. Bd2 c6 10. Rc1 d5 11. cxd5 cxd5 12. f3 Nc6 13. O-O Na5 14. Qc2 Bd7 15.
b3 Rc8 16. Qb2 b5 17. Nf4 b4 18. Ncxd5 g5 19. Nxf6 gxf4 20. Nxd7 fxe3 21. Rxc8
Qxc8 22. Nxf8 exd2 23. Qxd2 Qxf8 24. fxe4 Nc6 25. Rxf5 Bxd4+ 26. Qxd4+ 1-0

[Event "Mundial Juvenil femenino 2005 s10"]
[Site "Belfort FRA"]
[Date "2005.07.21"]
[Round "3.14"]
[White "Ivekovic, Tihana"]
[Black "Le, Thanh Phuong Uyen"]
[Result "0-1"]
[WhiteElo "1599"]
[BlackElo "1599"]
[PlyCount "74"]
[EventDate "2005.07.19"]
[EventType "swiss"]
[EventRounds "11"]
[EventCountry "FRA"]
[Source "lmi"]
[SourceDate "2005.07.31"]

1. e4 c5 2. Nf3 d6 3. d4 cxd4 4. Nxd4 Nf6 5. Nc3 a6 6. Bg5 e6 7. Bc4 Be7 8. Be3
b5 9. Bb3 b4 10. Nce2 Nxe4 11. O-O Bb7 12. Ba4+ Kf8 13. Rc1 Nc5 14. c3 a5 15.
Bc2 bxc3 16. Nxc3 Nbd7 17. Ndb5 Ba6 18. Re1 Qb6 19. a4 d5 20. Bd4 Nf6 21. Qd2
h6 22. Qe3 Rc8 23. Rb1 Qb8 24. Be5 Ng4 25. Bxb8 Nxe3 26. Rxe3 Rxb8 27. Nc7 d4
28. Ree1 dxc3 29. bxc3 Rc8 30. Nxa6 Nxa6 31. Rb6 Nc5 32. Reb1 g5 33. R6b5 Ra8
34. g3 Kg7 35. Bd1 Rhd8 36. Bf3 Ra7 37. Ra1 Rd3 0-1

[Event "Mundial Juvenil femenino 2005 s10"]
[Site "Belfort FRA"]
[Date "2005.07.21"]
[Round "3.15"]
[White "Kazemi, Mahafered"]
[Black "Barantseva, Alexandra"]
[Result "0-1"]
[WhiteElo "1599"]
[BlackElo "2089"]
[PlyCount "120"]
[EventDate "2005.07.19"]
[EventType "swiss"]
[EventRounds "11"]
[EventCountry "FRA"]
[Source "lmi"]
[SourceDate "2005.07.31"]

1. e4 c5 2. f4 Nc6 3. Nf3 d6 4. Bb5 Bd7 5. O-O Nf6 6. e5 Nd5 7. Bxc6 Bxc6 8. e6
Qc8 9. exf7+ Kd8 10. d3 Qf5 11. c4 Nb4 12. Nc3 Qxd3 13. a3 Qxd1 14. Rxd1 Nc2
15. Rb1 Bxf3 16. gxf3 Nd4 17. Kf2 g6 18. Re1 Bg7 19. Nd5 e6 20. Nc3 Ke7 21.
Nd5+ Kxf7 22. Nc3 Rhf8 23. Ne4 Rad8 24. Ng5+ Kg8 25. Nxe6 Nxe6 26. Rxe6 Bh6 27.
Kg3 Rf7 28. Bd2 d5 29. cxd5 Rxd5 30. Re8+ Rf8 31. Rxf8+ Kxf8 32. Be3 Kf7 33.
Rc1 b6 34. Rc2 Kf6 35. Kg4 Rd3 36. Bf2 Bg7 37. Bh4+ Ke6 38. Re2+ Kd5 39. Re7
Bxb2 40. Rxa7 h5+ 41. Kg3 Rxa3 42. Rd7+ Kc6 43. Rd2 Bc3 44. Rd3 Be1+ 45. Kg2
Rxd3 46. Bxe1 c4 47. Kg3 c3 48. Bxc3 Rxc3 49. Kh4 Rxf3 50. Kg5 Rh3 51. Kxg6
Rxh2 52. f5 h4 53. f6 h3 54. f7 Rf2 55. Kg7 h2 56. f8=Q Rxf8 57. Kxf8 h1=Q 58.
Kf7 Qh6 59. Ke7 Qg6 60. Kf8 Qh7 0-1

[Event "Mundial Juvenil femenino 2005 s10"]
[Site "Belfort FRA"]
[Date "2005.07.21"]
[Round "3.16"]
[White "Anakidze, Nino"]
[Black "Lepeskaite, Migle"]
[Result "1-0"]
[WhiteElo "1963"]
[BlackElo "1599"]
[PlyCount "81"]
[EventDate "2005.07.19"]
[EventType "swiss"]
[EventRounds "11"]
[EventCountry "FRA"]
[Source "lmi"]
[SourceDate "2005.07.31"]

1. e4 e5 2. Nf3 Nc6 3. Bc4 Bc5 4. d3 h6 5. O-O d6 6. c3 Bg4 7. Be3 Bb6 8. Bxb6
axb6 9. Nbd2 Nf6 10. Re1 O-O 11. Nf1 d5 12. exd5 Nxd5 13. h3 Bxf3 14. Qxf3 Nf6
15. Ng3 Qd7 16. Rad1 Rad8 17. Bb3 Rfe8 18. Nf5 Kh7 19. g4 Nd5 20. d4 Na5 21.
Bc2 g6 22. dxe5 c6 23. Nd6 Rf8 24. b4 f6 25. bxa5 fxe5 26. Qd3 Qxd6 27. c4 Nb4
28. Qxd6 Rxd6 29. Rxd6 Nxc2 30. Rd7+ Kg8 31. Rxe5 bxa5 32. Ree7 Rb8 33. Rxb7
Rxb7 34. Rxb7 Nb4 35. a3 Nc2 36. a4 Nb4 37. Ra7 c5 38. Rxa5 Nd3 39. Rb5 Kf7 40.
a5 Ke7 41. a6 1-0

[Event "Mundial Juvenil femenino 2005 s10"]
[Site "Belfort FRA"]
[Date "2005.07.21"]
[Round "3.17"]
[White "Papathanasiou, Aggeliki"]
[Black "Azizova, Feruza"]
[Result "1-0"]
[WhiteElo "1599"]
[BlackElo "1599"]
[PlyCount "51"]
[EventDate "2005.07.19"]
[EventType "swiss"]
[EventRounds "11"]
[EventCountry "FRA"]
[Source "lmi"]
[SourceDate "2005.07.31"]

1. d4 d5 2. Nf3 Nc6 3. c4 e6 4. Nc3 Bb4 5. Qc2 Nf6 6. a3 Ba5 7. b4 Bxb4 8. axb4
Nxb4 9. Qa4+ Nc6 10. Ne5 Bd7 11. Nxd7 Qxd7 12. cxd5 Nxd5 13. Nxd5 exd5 14. Ba3
Qe6 15. e3 a6 16. Bd3 Ra7 17. O-O b5 18. Qb3 h5 19. Rfe1 Qd7 20. Rac1 g5 21.
Qc3 Nd8 22. e4 dxe4 23. Rxe4+ Ne6 24. Qc5 Ra8 25. d5 Rh7 26. Qf8# 1-0

[Event "Mundial Juvenil femenino 2005 s10"]
[Site "Belfort FRA"]
[Date "2005.07.21"]
[Round "3.18"]
[White "Navrotescu, Andrea-Cristina"]
[Black "Baraeva, Irina"]
[Result "0-1"]
[WhiteElo "1599"]
[BlackElo "1599"]
[PlyCount "80"]
[EventDate "2005.07.19"]
[EventType "swiss"]
[EventRounds "11"]
[EventCountry "FRA"]
[Source "lmi"]
[SourceDate "2005.07.31"]

1. d4 Nf6 2. c4 g6 3. Nc3 d5 4. Bg5 Ne4 5. Nxe4 dxe4 6. e3 Bg7 7. Qc2 c5 8. d5
Qa5+ 9. Qd2 Qxd2+ 10. Kxd2 Bxb2 11. Rb1 Bg7 12. f3 exf3 13. Nxf3 Nd7 14. Bd3 h6
15. Bh4 Ne5 16. Nxe5 Bxe5 17. Bg3 Bxg3 18. hxg3 b6 19. Rh2 Bg4 20. Rbh1 h5 21.
Be2 Bxe2 22. Kxe2 Rf8 23. Rh4 Kd7 24. Re4 Kd6 25. Rhh4 Rae8 26. Kd3 e6 27. dxe6
Rxe6 28. Rxe6+ Kxe6 29. a4 Rd8+ 30. Kc3 Rd1 31. Kc2 Ra1 32. Kb3 Rg1 33. Rh2 Re1
34. e4 Rxe4 35. Kb2 Rxc4 36. Kb3 Re4 37. Rh4 Rxh4 38. gxh4 Kd5 39. Kc3 c4 40.
g3 Ke5 0-1

[Event "Mundial Juvenil femenino 2005 s10"]
[Site "Belfort FRA"]
[Date "2005.07.21"]
[Round "3.19"]
[White "Pouillard, Cecile"]
[Black "Belafkih, Kimia"]
[Result "0-1"]
[WhiteElo "1599"]
[BlackElo "1599"]
[PlyCount "64"]
[EventDate "2005.07.19"]
[EventType "swiss"]
[EventRounds "11"]
[EventCountry "FRA"]
[Source "lmi"]
[SourceDate "2005.07.31"]

1. e4 e5 2. Nf3 Nc6 3. d4 f6 4. Bc4 d6 5. Nc3 Bg4 6. Be3 Nge7 7. Qd2 Qd7 8.
O-O-O O-O-O 9. d5 Nb4 10. Bb5 c6 11. dxc6 Nexc6 12. a3 Na6 13. Bxa7 Qe6 14. Bb6
Nc7 15. Bxc7 Kxc7 16. Bxc6 bxc6 17. Na4 Qa2 18. Qa5+ Kd7 19. Nc5+ Ke7 20. Qc7+
Ke8 21. Nb7 Rd7 22. Qc8+ Ke7 23. Qxc6 g6 24. Rhe1 Bh6+ 25. Re3 Bxe3+ 26. fxe3
Rb8 27. Na5 Qxb2+ 28. Kd2 Qxa3 29. Qa6 Qb4+ 30. Ke2 Qb5+ 31. Qxb5 Rxb5 32. Nc6+
Kf7 0-1

[Event "Mundial Juvenil femenino 2005 s10"]
[Site "Belfort FRA"]
[Date "2005.07.21"]
[Round "3.20"]
[White "Bohorquez, Maria"]
[Black "Nolot, Clementine"]
[Result "1-0"]
[WhiteElo "1599"]
[BlackElo "1599"]
[PlyCount "63"]
[EventDate "2005.07.19"]
[EventType "swiss"]
[EventRounds "11"]
[EventCountry "FRA"]
[Source "lmi"]
[SourceDate "2005.07.31"]

1. e4 e5 2. Bc4 Nf6 3. d3 c6 4. Qe2 Be7 5. Nf3 O-O 6. Nc3 d6 7. O-O Bg4 8. h3
Bh5 9. Kh2 a5 10. a4 Nbd7 11. Rg1 Bxf3 12. gxf3 Re8 13. Bg5 Nb6 14. Bb3 Bf8 15.
Rg3 Qe7 16. Rag1 Rad8 17. h4 d5 18. h5 d4 19. Nb1 Qd6 20. Nd2 Nxh5 21. Bxd8
Nxg3 22. fxg3 Qxd8 23. Rh1 Qf6 24. Kg1 g6 25. Nf1 h5 26. Nh2 Qg5 27. Qg2 Qc1+
28. Kf2 Qxb2 29. g4 hxg4 30. Nxg4 Nd7 31. Nf6+ Kg7 32. Nxe8+ 1-0

[Event "Mundial Juvenil femenino 2005 s10"]
[Site "Belfort FRA"]
[Date "2005.07.22"]
[Round "4.1"]
[White "Lach, Aleksandra"]
[Black "Kou, Yingya"]
[Result "1/2-1/2"]
[WhiteElo "1822"]
[BlackElo "1599"]
[PlyCount "204"]
[EventDate "2005.07.19"]
[EventType "swiss"]
[EventRounds "11"]
[EventCountry "FRA"]
[Source "lmi"]
[SourceDate "2005.07.31"]

1. e4 c5 2. g3 g6 3. Bg2 Bg7 4. Ne2 d6 5. c3 Nc6 6. O-O Nf6 7. d3 O-O 8. d4
cxd4 9. cxd4 Bd7 10. h3 Rc8 11. Nbc3 Qb6 12. Rb1 e6 13. Kh2 Rfd8 14. Be3 Qa6
15. b4 b5 16. Qd3 Nb8 17. Rfc1 Rc4 18. f4 Nc6 19. e5 dxe5 20. fxe5 Ne8 21. Qd2
Nxb4 22. Nf4 Bf8 23. Bf1 Rcc8 24. a4 Nc7 25. axb5 Nxb5 26. Ra1 Qb7 27. d5 Nxc3
28. Rxc3 Rxc3 29. Qxc3 Nxd5 30. Nxd5 Qxd5 31. Bg2 Qb5 32. Bg5 Rc8 33. Qe3 Bg7
34. Bf6 Bc6 35. Ra2 Bxg2 36. Rxg2 a5 37. Rf2 a4 38. Bxg7 Kxg7 39. Qf4 Rf8 40.
h4 Qb3 41. h5 Kg8 42. h6 f5 43. exf6 Qb7 44. Qd6 Qf7 45. Qa6 Qd7 46. Qa5 Qd4
47. f7+ Kh8 48. Qe1 a3 49. Qf1 Qe5 50. Ra2 Qh5+ 51. Kg1 Qxh6 52. Rxa3 Qg7 53.
Rf3 Qd4+ 54. Kh2 Kg7 55. Rf4 Qd2+ 56. Kg1 Qe3+ 57. Kh2 e5 58. Rf3 Qh6+ 59. Kg1
Qd2 60. Rf2 Qe3 61. Kh2 Qh6+ 62. Kg1 Qg5 63. Kh2 Qe7 64. Qc4 Rxf7 65. Rg2 Rf6
66. Qe4 Rd6 67. Rb2 Rd7 68. Qc6 e4 69. Rf2 Rc7 70. Qd5 Rc5 71. Qd4+ Qe5 72. Qd8
Qh5+ 73. Kg2 Rf5 74. Qe7+ Kh6 75. Rxf5 Qxf5 76. Qh4+ Kg7 77. Qe7+ Kg8 78. Qe8+
Kg7 79. Qe7+ Qf7 80. Qxe4 h5 81. Qd4+ Kh7 82. Kh2 Qf3 83. Qd7+ Kh6 84. Qd2+ Kg7
85. Qb2+ Qf6 86. Qb7+ Kh6 87. Qb4 g5 88. Qd2 Qe5 89. Kg2 Qe4+ 90. Kh2 h4 91.
gxh4 Qxh4+ 92. Kg2 Kh5 93. Qd3 Qg4+ 94. Kh2 Qf4+ 95. Kg2 Qf7 96. Qh3+ Kg6 97.
Qd3+ Kg7 98. Qd4+ Kh7 99. Qd3+ Kg8 100. Qd8+ Kg7 101. Qxg5+ Qg6 102. Qxg6+ Kxg6
1/2-1/2